Kota Tinggi district, Johore

Bibliographic Details
Main Author: CERRA
Format: Book
Published: [Kepong] : Forest Research Institute , 1966
Series:Forest resources reconnaissance survey of Malaya. report; no. 8
Subjects:

MARC

LEADER 00000cam a2200000 7i4500
001 0000001677
005 20011017.0
090 0 0 |a 634.9285   |b CER 1966 
100 1 0 |a CERRA   |h Nick R. 
245 1 0 |a Kota Tinggi district, Johore   |c by Nick R. Cerra 
260 0 0 |a [Kepong] :   |b Forest Research Institute ,   |c 1966 
300 |a 1 v., (various pagings) :   |b ill., maps (2 fold. in pocket) ;   |c 33 cm. 
440 0 0 |a Forest resources reconnaissance survey of Malaya. report; no. 8 
650 0 0 |a Forest surveys   |z Malaysia   |z Johore 
650 0 0 |a Forests and forestry   |x Mensuration 
650 0 0 |a Surveys 
998 |a JPSM 
999 |a 0000002621   |b Monograph   |c Open Shelf   |e Default branch 
999 |a 0000002809   |b Monograph   |c Open Shelf   |e Default branch 
999 |a 0000002972   |b Monograph   |c Open Shelf   |e Default branch